000 00333nam a2200133Ia 4500
008 240624s9999 xx 000 0 und d
041 _aeng
082 _a155.2 HAR
100 _aHARFORD TIM
245 _aADAPT WHY SUCCESS ALWAYS STARTS WITH FAI
260 _c2011
_aNew Delhi
_bLittle Brown
300 _a320 : p.
365 _cRS
_b25
999 _c17288
_d17288